| 000 | 00830nam a22002897a 4500 | ||
|---|---|---|---|
| 001 | 3761 | ||
| 003 | FISKH | ||
| 005 | 20240430133637.0 | ||
| 008 | 240430b cb ||||| |||| 00| 0 eng d | ||
| 020 | _a978068983672 | ||
| 040 |
_aFISKH _beng _cFISKH _dFISKH |
||
| 050 | _aQA113.F34 | ||
| 082 | _a513.211 | ||
| 100 |
_aFalconer, Ian _eauthor |
||
| 245 |
_aOlivia counts / _c Ian Falconer |
||
| 250 | _aFirst published in 2002 | ||
| 260 |
_aUK : _bSimon & Schuster , _c2002 |
||
| 300 |
_a12 unnumbered pages : _bcolor illustrations ; _c19 cm . |
||
| 490 | _a Olivia (Board Book) | ||
| 505 | _aD | ||
| 520 | _aOlivia the piglet presents the numbers from one to ten. | ||
| 521 | 8 |
_a160
_bLexile estimate |
|
| 521 | 8 |
_aD
_bRaz-Plus |
|
| 650 |
_acounting _vFiction |
||
| 942 |
_2ddc _cBK _n0 |
||
| 999 |
_c3761 _d3761 |
||